Finansovi problemi na evropejskata ikonomičeska integracija.
Európske integračné procesy vyvrcholili podpísaním Maastrichtskej dohody 12 členských krajín ES. Určitou bariérou realizácie integračných procesov sú rozdielne finančné systémy a rozdielna finančná politika členských krajín. Preto už v prvých rokoch sa prijal program fiškálnej harmonizácie. Vytvoril...
Guardado en:
| Autor principal: | |
|---|---|
| Otros Autores: | |
| Formato: | Capítulo de libro |
| Lenguaje: | búlgaro |
| Materias: | |
| Etiquetas: |
Sin Etiquetas, Sea el primero en etiquetar este registro!
|
MARC
| LEADER | 00000naa a2200000 4500 | ||
|---|---|---|---|
| 001 | r008592 | ||
| 005 | 20221125114948.1 | ||
| 041 | 0 | |a bul | |
| 044 | |a BG | ||
| 245 | 1 | 0 | |a Finansovi problemi na evropejskata ikonomičeska integracija. |c V. Stojanov, B. Petkov |
| 520 | |a Európske integračné procesy vyvrcholili podpísaním Maastrichtskej dohody 12 členských krajín ES. Určitou bariérou realizácie integračných procesov sú rozdielne finančné systémy a rozdielna finančná politika členských krajín. Preto už v prvých rokoch sa prijal program fiškálnej harmonizácie. Vytvorila sa colná únia a pristúpilo sa k harmonizácií daní. Predpokladá sa unifikácia i v oblasti sociálneho zabezpečenia. Ďalšie ciele v oblasti financií. | ||
| 610 | 2 | 0 | |a integrácia ekonomická medzinárodná |
| 610 | 2 | 0 | |a Európske spoločenstvá |
| 610 | 2 | 0 | |a politika finančná |
| 610 | 2 | 0 | |a únie colné |
| 610 | 2 | 0 | |a dane |
| 610 | 2 | 0 | |a zabezpečenie sociálne |
| 100 | 1 | |a Stojanov, V. | |
| 700 | 1 | |a Petkov, B. | |